Escuela de formación para expositores Bíblicos laicos en la iglesia cristiana El Shaddai del Pacto Evangélico / Jorge Enrrique Guevara E. ; Juan David Guevara E. (Registro nro. 43759)
[ vista simple ]
| 000 -LÍDER | |
|---|---|
| Campo fijo de descripción fija | 007800000a22001570004500 |
| 001 - NÚMERO DE CONTROL | |
| Campo de control | 14943 |
| 100 1# - ASIENTO PRINCIPAL--NOMBRE PERSONAL | |
| Nombre personal | Guevara E., Jorge Enrique |
| 245 10 - TÍTULO | |
| Título del Material | Escuela de formación para expositores Bíblicos laicos en la iglesia cristiana El Shaddai del Pacto Evangélico / Jorge Enrrique Guevara E. ; Juan David Guevara E. |
| 260 ## - PUBLICACIÓN, DISTRIBUCIÓN, ETC. (PIE DE IMPRENTA) | |
| Lugar de publicación, distribución, etc. | Medellín : FUSBC |
| 300 ## - DESCRIPCIÓN FÍSICA | |
| Extensión | 54 Pag. |
| 650 14 - ASIENTO SECUNDARIO DE MATERIA - TERMINO TEMÁTICO | |
| Término temático o nombre geográfico como elemento de entrada | LAICOS \ EXPOSICION (RETORICA) \ BIBLIA - ENSEÑANZA \ Exposición Bíblica |
| 942 ## - TIPO DE MATERIAL (KOHA) | |
| Tipo de Item KOHA | Libros General |
| Estado de Material | Estado de Perdido | Estado de Dañado | No para Préstamo | Colección | Tomo | Biblioteca de Origen | Biblioteca Permanente | Fecha de Adquisición | Total de Préstamos | Signatura Topográfica | Código de Barras | Última vez visto | Ejemplar/Existencia | Fecha de Remplazo | Tipo de Material |
|---|---|---|---|---|---|---|---|---|---|---|---|---|---|---|---|
| Trabajos de grado | Biblioteca FUSBC | Biblioteca FUSBC | 30/03/2009 | T G9391e | 17012 | 12/12/2019 | 1 | 26/01/2016 | Trabajos de Grado |
